Odo e Riprando : romanzo /
Saved in:
| Hovedforfatter: | |
|---|---|
| Format: | Bog |
| Sprog: | italiensk |
| Udgivet: |
Firenze :
Atheneum,
1991
|
| Serier: | White land ;
1 |
| Tags: |
Ingen Tags, Vær først til at tagge denne postø!
|
MARC
| LEADER | 00000nam a22000007i 4500 | ||
|---|---|---|---|
| 001 | IT\ICCU\TO0\0379055 | ||
| 003 | ItRI | ||
| 005 | 20260115231921.0 | ||
| 008 | 960918s1991 it |||||| ||||| |||||c | ||
| 020 | |a 8872550319 | ||
| 040 | |b ita |c importazione bologna sebina | ||
| 041 | 7 | |a ita |2 ISO-639-2 | |
| 082 | |a 853.914 |9 NARRATIVA ITALIANA, 1945-1999 |2 23 | ||
| 100 | 1 | |a Tripeleff, F. |0 IT\ICCU\CFIV\132759 |4 aut | |
| 245 | 1 | 0 | |a Odo e Riprando : |b romanzo / |c F. Tripeleff. |
| 260 | |a Firenze : |b Atheneum, |c 1991 | ||
| 300 | |a 206 p. : |b mappe, alberi genealogici ; |c 22 cm. | ||
| 790 | 1 | |a Ferrario, Franco, |d (1934- ) |3 IT\ICCU\CFIV\157122 |z Tripeleff, F. | |
| 830 | 0 | |a White land ; |v 1 |0 IT\ICCU\MIL\0170113 | |
| 942 | |2 ddc |c BK |n 0 | ||
| 952 | |0 0 |1 0 |4 0 |6 DOC_853_914000000000000_TRI |7 0 |9 16465 |a BO |b BO |d 2026-01-15 |i 18018 |l 0 |o DOC 853.914 TRI |p BO18018 |r 2026-01-15 23:19:21 |w 2026-01-15 |x [Sebina 5] [1 v.] |y BK |z 1 v. (3. copia) | ||
| 952 | |0 0 |1 0 |4 0 |6 DOC_853_914000000000000_TRI |7 0 |9 16466 |a BO |b BO |d 2026-01-15 |i 6069 |l 0 |o DOC 853.914 TRI |p BO6069 |r 2026-01-15 23:19:21 |w 2026-01-15 |x [Sebina 5] [1 v.] |y BK |z 1 v. | ||
| 952 | |0 0 |1 0 |4 0 |6 DOC_853_914000000000000_TRI |7 0 |9 16467 |a BO |b BO |d 2026-01-15 |i 2729 |l 0 |o DOC 853.914 TRI |p BO2729 |r 2026-01-15 23:19:21 |w 2026-01-15 |x [Sebina 5] [1 v.] |y BK |z 1 v. | ||
| 999 | |c 14117 |d 14117 | ||